Текст томруулах:    
Human Development (Бичлэгийн дугаар. 146090)
000 -УДИРДЛАГА
Удирдлага 00996nam a22003257a 4500
003 - ХЯНАЛТЫН ТОО ТОДОРХОЙЛОГЧ
Код MN-UlNUM
005 - БИЧИЛТ ХИЙСЭН ОГНОО
Тухайн бичилтийг бичсэн засварласан сүүлийн огноо 20260105105009.0
008 - ЕРӨНХИЙ МЭДЭЭЛЭЛ
Ерөнхий мэдээлэл 260105b1998 ctuab||| |||| 00| 0 eng d
020 ## - ISBN
ISBN 069739185X
022 ## - ISSN
ISSN 02784661
040 ## - БИЧЛЭГ ҮҮСГЭГЧ БАЙГУУЛЛАГА
Бичлэг үүсгэгч номын сангийн код МУИС-ийн номын сан
084 ## - ББК АНГИЛАЛ
Нэмэлт тусгалт Бусад
ББК ангилал 88.37
Зохиогчийн гурван тэмдэгт H 91
Мэдлэгийн ялгаа 88 - Сэтгэл судлал
245 10 - ҮНДСЭН ГАРЧИГ
Номын нэр Human Development
Бага гарчгийн мэдээ Annual editions
Оролцогчдын тухай мэдээ editor Karen L. Freiberg
Ботийн дугаар 98/99
260 ## - ГАРАЛТЫН МЭДЭЭ
Хэвлэгдсэн газар Guilford, Ct. :
Хэвлэлийн газар Dushkin Pub. Group,
Хэвлэгдсэн он 1998
300 ## - МАТЕРИАЛЫН ТОДОРХОЙЛОЛТ
хуудасны тоо 261p.:
Бусад тоон мэдээлэл illustrations ;
Хэмжээ 28 cm
490 1# - БОТЬ / ЦУВРАЛЫН ТУХАЙ МЭДЭЭ
Боть / цувралын зохиогч Annual editions
500 ## - Тайлбар
Дансны дугаар БС 4824
546 ## - ХЭЛНИЙ ТУХАЙ МЭДЭЭ
Хэл Англи хэл дээр,
653 ## - Түлхүүр үг
Түлхүүр үг child development
653 ## - Түлхүүр үг
Түлхүүр үг periodicals.
653 ## - Түлхүүр үг
Түлхүүр үг socialization
653 ## - Түлхүүр үг
Түлхүүр үг older people
700 1# - ХАМ ЗОХИОГЧИД
Ба бус Freiberg L.K
740 ## - НОМЫН ГАРЧИГ
Гарчиг Genetic and Prenatal Influences on Development
740 ## - НОМЫН ГАРЧИГ
Гарчиг Development during, Childhood: Family and Culture
740 ## - НОМЫН ГАРЧИГ
Гарчиг Development during Adolescence and Young Adulthood
740 ## - НОМЫН ГАРЧИГ
Гарчиг Development during Middle and Late Adulthood
942 ## - ЭЛЕМЕНТИЙН ТӨРӨЛ
Зүйлийн төрөл Ном